| 000 | 00365nam a2200145 i 4500 | ||
|---|---|---|---|
| 001 | bg | ||
| 100 | 1 | _aKUZORA, Dorota | |
| 245 | 0 |
_aPodstawy automatyki : _bukłady liniowe / _cDorota Kuzora, Tadeusz Kuzora. |
|
| 260 |
_aKielce, _c1976. |
||
| 700 | 1 | _aKUZORA, Tadeusz | |
| 040 | _cBPK | ||
| 041 | _apol | ||
| 942 | _cKS | ||
| 008 | s pl f |000 0 pol | ||
| 999 |
_c17341 _d17341 |
||
| 856 |
_uhttp://koha.tu.koszalin.pl/cgi-bin/koha/opac-detail.pl?biblionumber=17341 _yKatalog online BPK |
||